000 01039nam a22003257a 4500
001 BR0001576
003 BR-BrBNA
005 20230928100556.0
007 ta
008 230509b bl.||||| |||| 00| 0 por d
040 _aBR-BrBNA
_bpor
_cBiblioteca Nacional de Agricultura
041 _a(Por)
072 _aP34; F61
_b1850
090 _ 1850 BR0001576
100 1 _aPereira, H.S.
110 1 _aEscola Superior de Agricultura Luiz de Queiroz, Piracicaba, SP (Brasil)
_0Tese (Doutor em Agronomia)
245 1 _aAvaliacao do xisto e escorias na nutricao e producao do tomate e em atributos quimicos e biologicos do solo
260 3 _aPiracicaba, SP (Brasil):
_c1999.
300 _a89 p.
500 _aSummaries (Eng, Por); Bibliography p. 74-89; 13 illus.; 32 tables
650 _aTomate
650 _aSolo
650 _aXisto
650 _aPropriedade Fisico-Quimica
650 _aNutricao Vegetal
650 _aResiduo Industrial
650 _aBiologia do Solo
909 _a202309
_bLucia
_c55
_dLucia Elande
942 _cBK
999 _c61881
_d61881